Differential Equations Laplace Transform and Fourier Series / (Record no. 15313)
[ view plain ]
| 000 -LEADER | |
|---|---|
| fixed length control field | 00472nam a2200169Ia 4500 |
| 001 - CONTROL NUMBER | |
| control field | 15327 |
| 005 - DATE AND TIME OF LATEST TRANSACTION | |
| control field | 20240113235619.0 |
| 007 - PHYSICAL DESCRIPTION FIXED FIELD--GENERAL INFORMATION | |
| fixed length control field | ta |
| 008 - FIXED-LENGTH DATA ELEMENTS--GENERAL INFORMATION | |
| fixed length control field | 051207s g b000 u u |
| 100 ## - MAIN ENTRY--PERSONAL NAME | |
| Personal name | Karade , T.M. . |
| 245 #0 - TITLE STATEMENT | |
| Title | Differential Equations Laplace Transform and Fourier Series / |
| Statement of responsibility, etc. | T.M.Karade & V.Tulsani. |
| Medium | Textual Documents |
| 260 ## - PUBLICATION, DISTRIBUTION, ETC. | |
| Place of publication, distribution, etc. | New Delhi : |
| Name of publisher, distributor, etc. | S. Chand & Company , |
| Date of publication, distribution, etc. | 1987. |
| 653 ## - INDEX TERM--UNCONTROLLED | |
| Uncontrolled term | 56 |
| 700 ## - ADDED ENTRY--PERSONAL NAME | |
| Personal name | Tulsani, V. . |
| 942 ## - ADDED ENTRY ELEMENTS (KOHA) | |
| Source of classification or shelving scheme | Dewey Decimal Classification |
| Koha item type | Books |
| Withdrawn status | Lost status | Damaged status | Not for loan | Home library | Current library | Date acquired | Coded location qualifier | Total checkouts | Barcode | Date last seen | Copy number | Price effective from | Koha item type |
|---|---|---|---|---|---|---|---|---|---|---|---|---|---|
| Dr. Suryya Kumar Bhuyan Library | Dr. Suryya Kumar Bhuyan Library | 01/02/2012 | 00000 | 6 | 13/01/2024 | 1 | 01/02/2012 | Books |
